[Event "Manfred-Bosbach-Turnier/44.OStM"]
[Site "Bergisch Gladbach"]
[Date "2024.10.04"]
[Round "7.1"]
[White "Harringer, Manfred"]
[Black "Gelsok, Philipp"]
[Result "1-0"]
[WhiteElo "2049"]
[BlackElo "1960"]
[PlyCount "71"]
[EventDate "2024.??.??"]
[EventType "swiss"]
[EventRounds "7"]
[SourceVersionDate "2024.08.26"]

1. e4 e5 2. Nf3 Nc6 3. Bb5 Nf6 4. O-O Nxe4 5. d4 Nd6 6. Bxc6 dxc6 7. dxe5 Nf5
8. Qxd8+ Kxd8 9. Nbd2 Ke8 10. b3 Be7 11. Ne4 Be6 12. Bb2 Rd8 13. Rad1 Rxd1 14.
Rxd1 Bd5 15. Nfd2 h5 16. c4 Be6 17. Nf3 h4 18. Nfg5 Bd7 19. Nxf7 Kxf7 20. Rxd7
Ke6 21. Rd3 Nh6 22. Nd2 Ng4 23. Nf3 Bc5 24. Rd2 Nxf2 25. Rxf2 Rd8 26. Kf1 Bxf2
27. Kxf2 c5 28. Ke2 Rh8 29. h3 Kf5 30. Bc1 a5 31. a4 c6 32. Be3 b5 33. cxb5
cxb5 34. axb5 g5 35. Bxc5 Rc8 36. Bd6 1-0

[Event "Manfred-Bosbach-Turnier/44.OStM"]
[Site "Bergisch Gladbach"]
[Date "2024.10.04"]
[Round "7.2"]
[White "Themm, Rainer"]
[Black "Rosenauer, Horst"]
[Result "1/2-1/2"]
[WhiteElo "1842"]
[BlackElo "1863"]
[PlyCount "172"]
[EventDate "2024.??.??"]
[EventType "swiss"]
[EventRounds "7"]
[SourceVersionDate "2024.08.26"]

1. d4 Nf6 2. c4 e6 3. Nf3 Bb4+ 4. Bd2 a5 5. a3 Be7 6. Nc3 d5 7. e3 O-O 8. Bd3
b6 9. cxd5 exd5 10. Qc2 c5 11. b3 Re8 12. O-O Bb7 13. Ne5 Nc6 14. Bb5 Rc8 15.
Nf3 Bd6 16. Qf5 Re7 17. Rfe1 Bb8 18. Rac1 Qd6 19. Ne2 Rd8 20. dxc5 bxc5 21. Ng3
Bc7 22. Bd3 Bc8 23. Qg5 Ne4 24. Qh4 h6 25. Bxe4 dxe4 26. Nxe4 Qg6 27. Ng3 Red7
28. Bc3 Qe6 29. Ne4 Rd5 30. Ba1 Qf5 31. b4 axb4 32. axb4 Nxb4 33. Nxc5 Rxc5 34.
Qxb4 Rxc1 35. Rxc1 Bd6 36. Qc3 Bf8 37. Nd4 Qd5 38. Qc7 Bb7 39. Qg3 Bd6 40. Qh3
Be5 41. f4 Bf6 42. Qf3 Qd7 43. Qf2 Be4 44. h3 Rc8 45. Rxc8+ Qxc8 46. Qd2 Qa6
47. Bc3 Qb7 48. Kh2 Qb1 49. Ne2 Bxc3 50. Nxc3 Qb7 51. Nxe4 Qxe4 52. Qd4 Qf5 53.
h4 Qh5 54. Kh3 f5 55. Qd5+ Kh7 56. Qf3 Qg6 57. h5 Qe8 58. g4 Qe6 59. gxf5 Qxf5+
60. Kg3 Qb1 61. f5 Qg1+ 62. Kh3 Qg5 63. e4 Qf6 64. Qg3 Kh8 65. Qb8+ Kh7 66. Qf4
Qd4 67. Kg4 Qg1+ 68. Qg3 Qd1+ 69. Qf3 Qd4 70. Kf4 Qd2+ 71. Kg4 Qd4 72. Qe2 Qe5
73. Qd3 Qf6 74. Qd2 Qa1 75. Kf4 Qf6 76. Qg2 Qh4+ 77. Qg4 Qh2+ 78. Ke3 Qe5 79.
Qg6+ Kh8 80. Kf3 Qc3+ 81. Kg4 Qd2 82. f6 Qg2+ 83. Kf4 Qxg6 84. hxg6 gxf6 85.
Kg4 Kg8 86. Kf4 Kf8 1/2-1/2

[Event "Manfred-Bosbach-Turnier/44.OStM"]
[Site "Bergisch Gladbach"]
[Date "2024.10.04"]
[Round "7.3"]
[White "Wieferig, Wolfgang"]
[Black "Hertling, Jürgen"]
[Result "1-0"]
[WhiteElo "2170"]
[BlackElo "1725"]
[PlyCount "41"]
[EventDate "2024.??.??"]
[EventType "swiss"]
[EventRounds "7"]
[SourceVersionDate "2024.08.26"]

1. d4 Nf6 2. c4 g6 3. Nc3 d5 4. Bg5 Ne4 5. Bh4 Nxc3 6. bxc3 dxc4 7. Qa4+ Qd7 8.
Qxc4 Bg7 9. Nf3 Nc6 10. e4 O-O 11. Bg3 b6 12. Rc1 e6 13. Qa4 Bb7 14. Ba6 Bxa6
15. Qxa6 Na5 16. O-O Rfc8 17. Rfd1 Qa4 18. Qe2 Bh6 19. Rb1 Qc6 20. Ne5 Qxc3 21.
Rd3 1-0

[Event "Manfred-Bosbach-Turnier/44.OStM"]
[Site "Bergisch Gladbach"]
[Date "2024.10.04"]
[Round "7.5"]
[White "Weiser, Till Merlin"]
[Black "Gutt, Oswald"]
[Result "1/2-1/2"]
[WhiteElo "941"]
[BlackElo "1797"]
[PlyCount "34"]
[EventDate "2024.??.??"]
[EventType "swiss"]
[EventRounds "7"]
[SourceVersionDate "2024.08.26"]

1. d4 Nf6 2. c4 e6 3. Nc3 c5 4. d5 exd5 5. cxd5 d6 6. Nf3 g6 7. Bf4 Bg7 8. h3
O-O 9. e3 a6 10. a4 Re8 11. Bd3 b6 12. O-O Ra7 13. Nd2 Rd7 14. Qb3 Nh5 15. Bh2
Rb7 16. Nce4 Be5 17. Bxe5 Rxe5 1/2-1/2

[Event "Manfred-Bosbach-Turnier/44.OStM"]
[Site "Bergisch Gladbach"]
[Date "2024.10.04"]
[Round "7.6"]
[White "Lobbes, Frank"]
[Black "Klein, Dieter"]
[Result "1/2-1/2"]
[WhiteElo "1809"]
[BlackElo "1498"]
[PlyCount "54"]
[EventDate "2024.??.??"]
[EventType "swiss"]
[EventRounds "7"]
[SourceVersionDate "2024.08.26"]

1. Nf3 d5 2. d4 Nf6 3. c4 c6 4. Nc3 e6 5. e3 Bb4 6. Bd2 Nbd7 7. Bd3 dxc4 8.
Bxc4 Nb6 9. Bb3 Nbd5 10. Bc2 Qa5 11. Ne4 Nxe4 12. Bxe4 Bxd2+ 13. Qxd2 Qxd2+ 14.
Nxd2 Nf6 15. Bd3 O-O 16. Rc1 Nd5 17. a3 Bd7 18. Ke2 Rfe8 19. Nc4 Re7 20. Rc2 f6
21. f4 b5 22. Na5 e5 23. Nxc6 Bxc6 24. Rxc6 exd4 25. e4 Nxf4+ 26. Kd2 Nxd3 27.
Kxd3 Rd7 1/2-1/2

[Event "Manfred-Bosbach-Turnier/44.OStM"]
[Site "Bergisch Gladbach"]
[Date "2024.10.04"]
[Round "7.7"]
[White "Müller, Andreas"]
[Black "Nichte, Philipp"]
[Result "1/2-1/2"]
[WhiteElo "1754"]
[BlackElo "1754"]
[PlyCount "34"]
[EventDate "2024.??.??"]
[EventType "swiss"]
[EventRounds "7"]
[SourceVersionDate "2024.08.26"]

1. e4 e6 2. d4 d5 3. Nd2 Nc6 4. Ngf3 Nf6 5. e5 Nd7 6. c3 f6 7. exf6 Qxf6 8. Bd3
Bd6 9. O-O O-O 10. Nb3 e5 11. dxe5 Ndxe5 12. Be2 Ne7 13. Be3 c6 14. Bd4 Nxf3+
15. Bxf3 Qh6 16. g3 Nf5 17. Bc5 Bxc5 1/2-1/2

[Event "Manfred-Bosbach-Turnier/44.OStM"]
[Site "Bergisch Gladbach"]
[Date "2024.10.04"]
[Round "7.8"]
[White "Stieg, Karsten"]
[Black "Ehmann, Florian"]
[Result "1/2-1/2"]
[WhiteElo "1401"]
[BlackElo "1254"]
[PlyCount "60"]
[EventDate "2024.??.??"]
[EventType "swiss"]
[EventRounds "7"]
[SourceVersionDate "2024.08.26"]

1. d4 d5 2. c4 e6 3. Nc3 c5 4. Nf3 Nc6 5. e3 Bd6 6. g3 Nf6 7. cxd5 exd5 8. Bg2
O-O 9. O-O Bg4 10. a3 cxd4 11. exd4 Qb6 12. b4 Ne4 13. Nxd5 Qb5 14. Ne3 Bh5 15.
d5 Ne5 16. Nf5 Rad8 17. N3d4 Bxd1 18. Nxb5 Bf3 19. Nbxd6 Bxg2 20. Kxg2 Nxd6 21.
Nxd6 Rxd6 22. Be3 b6 23. Rfd1 Rfd8 24. Rac1 h6 25. Bf4 Rxd5 26. Rxd5 Rxd5 27.
Bxe5 Rxe5 28. Rc7 a5 29. bxa5 Rxa5 30. Rb7 b5 1/2-1/2

[Event "Manfred-Bosbach-Turnier/44.OStM"]
[Site "Bergisch Gladbach"]
[Date "2024.10.04"]
[Round "7.10"]
[White "Zimmermann, Wolfgang"]
[Black "Schneider, Erich"]
[Result "1/2-1/2"]
[WhiteElo "1164"]
[BlackElo "1289"]
[PlyCount "41"]
[EventDate "2024.??.??"]
[EventType "swiss"]
[EventRounds "7"]
[SourceVersionDate "2024.08.26"]

1. d4 c5 2. Nf3 cxd4 3. Nxd4 e5 4. Nb3 d5 5. e3 Nc6 6. c4 Nf6 7. cxd5 Nxd5 8.
a3 Be7 9. Bd2 O-O 10. Bc4 Nf6 11. Nc3 Bf5 12. O-O Rc8 13. Be2 a6 14. Rc1 Qd7
15. Be1 Qxd1 16. Nxd1 Rfd8 17. Nc3 b5 18. h3 Be6 19. Nd2 Bf5 20. Bf3 Nd7 21.
Ne2 1/2-1/2